000
00191 a2200097 4500
001
46167
100
_a
245
_a
Geo Gra Phy
260
_a
London
_b
Paul Humlyn
_c
090
_c
29272
_d
29272
942
_a
NUST-CAE
_c
M
_c
21416
999
_c
281240
_d
281240